| 000 | 00464nam a22001337a 4500 | ||
|---|---|---|---|
| 999 |
_c524654 _d524654 |
||
| 008 | 240110b ||||| |||| 00| 0 eng d | ||
| 100 |
_aGarg, Swapnil _947877 |
||
| 245 | _aRani Kamlapati (Habibganj) railway station redevelopment: A world-class dream coming true | ||
| 260 | _aVikalpa: The Journal for Decision Makers | ||
| 300 | _a48(3), Jul-Sep, 2023: p.220-232 | ||
| 773 | _aVikalpa: The Journal for Decision Makers | ||
| 906 | _aRAILWAYS | ||
| 942 | _cAR | ||